000 00762nam a2200265Ia 4500
003 OSt
005 20220918164531.0
006 a|||||r|||| 00| 0
007 ta
008 220917b |||||||| |||| 00| 0 eng d
020 _a0674406087
024 _a37,592
037 _cTextual
040 _aARTS
_cARTS
_beng
041 _2eng
_aeng
082 _aO13,1D30,2:g, 111M6
100 _aFenik Bernard
_919387
245 0 _aHomer and the niblugenlied
_b comparative studies in epic style
260 _acambridge
_bHarverd Univ Press
_c1986
300 _a211p.
_ccm.
490 _amartin classical lectures; 30
650 _aENGLISH LITERATURE
942 _hO13,1D30,2:g, 111M6
_cTEXL
_2CC
999 _c125239
_d125239